书目信息 |
| 题名: |
大学生专项体育教程
|
|
| 作者: | 陈小蓉 主编 | |
| 分册: | ||
| 出版信息: | 北京 中国人民公安大学出版社 2006 |
|
| 页数: | 13,637页 | |
| 开本: | 21cm | |
| 丛书名: | ||
| 单 册: | ||
| 中图分类: | G819 | |
| 科图分类: | ||
| 主题词: | 体育--高等学校--教材 , 体育 , 体育事业--世界 | |
| 电子资源: | ||
| ISBN: | 7-81059-681-0 | |
| 000 | 00842nam0 2200253 450 | |
| 001 | 003094510 | |
| 005 | 20061101081140.26 | |
| 010 | @a7-81059-681-0@dCNY42.00 | |
| 100 | @a20060104d2006 em y0chiy0110 ea | |
| 101 | 0 | @achi |
| 102 | @aCN@b110000 | |
| 105 | @aa z 000yy | |
| 200 | 1 | @a大学生专项体育教程@9da xue sheng zhuan xiang ti yu jiao cheng@f陈小蓉主编 |
| 205 | @a2版@b修订版 | |
| 210 | @a北京@c中国人民公安大学出版社@d2006 | |
| 215 | @a13,637页@c图@d21cm | |
| 330 | @a本书介绍了篮球、排球、足球、垒球、乒乓球、网球、台球、高尔夫球、保龄球、田径、游泳、武术、健身运动、健美操等运动的基本知识和技巧。 | |
| 606 | 0 | @a体育@x高等学校@j教材 |
| 606 | 0 | @a体育 |
| 606 | 0 | @a体育事业@x世界 |
| 690 | @aG819@v4 | |
| 701 | 0 | @a陈小蓉@9chen xiao rong@c(女,@f1956.7~)@4主编 |
| 801 | 0 | @aCN@bNLC@c20061101 |
| 905 | @a10447@dG819@e12=2 | |
| 大学生专项体育教程/陈小蓉主编.-2版,修订版.-北京:中国人民公安大学出版社,2006 |
| 13,637页:图;21cm |
| ISBN 7-81059-681-0:CNY42.00 |
| 本书介绍了篮球、排球、足球、垒球、乒乓球、网球、台球、高尔夫球、保龄球、田径、游泳、武术、健身运动、健美操等运动的基本知识和技巧。 |
| ● |
| 相关链接 |
|
|
|
|
正题名:大学生专项体育教程
索取号:G819/12=2
 
预约/预借
| 序号 | 登录号 | 条形码 | 馆藏地/架位号 | 状态 | 备注 |
| 1 | 0386865 | 203868653 | 第一样本阅览室/ [索取号:G819/12=2] | 在馆 | |
| 2 | 0386866 | 203868662 | 第四借阅区/ [索取号:G819/12=2] | 在馆 | |
| 3 | 0386867 | 203868671 | 第四借阅区/ [索取号:G819/12=2] | 在馆 | |
| 4 | 0386868 | 203868680 | 第四借阅区/ [索取号:G819/12=2] | 在馆 | |
| 5 | 0386869 | 203868699 | 第四借阅区/ [索取号:G819/12=2] | 在馆 |